000 00314nam a22001217a 4500
008 160421b xxu||||| |||| 00| 0 eng d
020 _a9780803614864
020 _a100803614861
041 _aeng
080 _a618.2
245 _aMaternal child nursing care;
_cSusan L. Ward and Shelton M. Hisley;
942 _2udc
_cBK
999 _c1478
_d1478